مكتبة جامعة عجلون الوطنية

فهرس بحث المكتبة

Normal view MARC view
  • حقوق الانسان -- الحقوق المدنية والإنسانية

Entry Topical Term

Number of records used in: 1

001 - CONTROL NUMBER

  • control field: 31281

003 - CONTROL NUMBER IDENTIFIER

  • control field: JO-AjAnu

005 - DATE AND TIME OF LATEST TRANSACTION

  • control field: 20230606075253.0

008 - FIXED-LENGTH DATA ELEMENTS

  • fixed length control field: 230606|| aca||aabn | a|a d

040 ## - CATALOGING SOURCE

  • Original cataloging agency: JO-AjAnu
  • Transcribing agency: JO-AjAnu

150 ## - HEADING--TOPICAL TERM

  • Topical term or geographic name entry element: حقوق الانسان -- الحقوق المدنية والإنسانية

670 ## - SOURCE DATA FOUND

  • Source citation: Work cat.: (JO-AjAnu)16063: شبل ، بدر الدين محمد , author 31280, الحماية الدولية الجنائية لحقوق الإنسان وحرياته الأساسية : دراسة في المصادر والآليات النظرية والممارسة العملية